|
|
|
|
| LEADER |
01063nam a22002537a 4500 |
| 001 |
AAL8376 |
| 003 |
BD-DhAAL |
| 005 |
20210215125301.0 |
| 008 |
160225m20152014bg a|||| b||| 00| 0 ben d |
| 999 |
|
|
|c 43207
|d 43207
|
| 020 |
|
|
|a 9789849074755
|
| 040 |
|
|
|a BD-DhAAL
|c BD-DhAAL
|
| 082 |
|
|
|2 22
|a 954.9205
|
| 100 |
|
|
|a আহমদ, মহিউদ্দিন
|9 18182
|
| 245 |
|
|
|a জাসদের উত্থান পতন :
|b অস্থির সময়ের রাজনীতি /
|c মহিউদ্দিন আহমদ
|
| 260 |
|
|
|a ঢাকা :
|b প্রথমা প্রকাশন,
|c ২০১৫, এয়োদশ মুদ্রণ ২০২০
|
| 300 |
|
|
|a ২৮৭ পৃষ্ঠা :
|b চিত্র ;
|c ২২ সে.মি.
|
| 504 |
|
|
|6 Includes bibliographies
|
| 526 |
|
|
|a Saver campus
|
| 541 |
|
|
|a Karim International
|e 8376, 37452, 37453
|
| 650 |
|
|
|a Political participation
|z Bangladesh.
|9 18183
|
| 651 |
|
|
|a Bangladesh
|x Politics and government.
|9 18184
|
| 852 |
|
|
|a Savar Campus Library
|c General Shelf
|
| 942 |
|
|
|2 ddc
|c BK
|